Alle Sieger von F1-Rennen in Mexiko - Statistiken

Allgemein
  • Dieses Quiz wurde 108 mal gespielt
    68 seit der letzten Aktualisierung
  • Das Durchschnittsergebnis liegt bei 17 aus 22
Antwortstatistiken
Nr. Jahr Strecke Konstrukteur Nationalität Antwort % Korrekt
17 2016 Mercedes GBR Lewis Hamilton
100%
20 2019 Mercedes GBR Lewis Hamilton
100%
18 2017 Red Bull NED Max Verstappen
98%
19 2018 Red Bull NED Max Verstappen
98%
21 2021 Red Bull NED Max Verstappen
98%
22 2022 Red Bull NED Max Verstappen
98%
12 1989 McLaren BRA Ayrton Senna
96%
16 2015 Mercedes GER Nico Rosberg
96%
11 1988 McLaren FRA Alain Prost
94%
13 1990 Ferrari FRA Alain Prost
94%
10 1987 Williams GBR Nigel Mansell
88%
15 1992 Williams GBR Nigel Mansell
88%
9 1986 Benetton AUT Gerhard Berger
80%
1 1963 Mexiko-Stadt Lotus GBR Jim Clark
78%
5 1967 Lotus GBR Jim Clark
78%
8 1970 Ferrari BEL Jacky Ickx
71%
6 1968 Lotus GBR Graham Hill
67%
14 1991 Williams ITA Riccardo Patrese
61%
7 1969 McLaren NZL Denis Hulme
59%
4 1966 Cooper GBR John Surtees
43%
2 1964 Brabham USA Dan Gurney
20%
3 1965 Honda USA Richie Ginther
14%
Keine übereinstimmenden Quizze gefunden
Verteilung der Resultate
Anzahl Personen mit jedem Resultat
Perzentil nach korrekt beantworteten Fragen
Ihre Resultats-Entwicklung
Sie haben dieses Quiz seit der letzten Aktualisierung nicht gespielt